Normal view
MARC view
Entry Nombre corporativo
001 - NÚMERO DE CONTROL
- campo de control: 26746
003 - IDENTIFICADOR DE NÚMERO DE CONTROL
- campo de control: OSt
005 - FECHA Y HORA DE LA ÚLTIMA TRANSACCIÓN
- campo de control: 20221005160620.0
008 - ELEMENTOS DE DATO DE LONGITUD-FIJA
- campo de control de longitud fija: 221005|| aca||aabn | a|a d
040 ## - FUENTE DE CATALOGACIÓN
- Centro catalogador/agencia de origen: OSt
- Centro/agencia transcriptor: OSt
110 ## - ENCABEZAMIENTO-NOMBRE DE ENTIDAD CORPORATIVA
- Nombre de entidad corporativa o nombre de jurisdicción como elemento de entrada: OFICINA INTERNACIONAL DEL TRABAJO.
- Unidad subordinada: Reunión Regional Americana
- Sede del congreso/Lugar de la reunión: Santiago de Chile
- Fecha del congreso o de la firma del tratado: 2010
- Número del congreso/reunión o número de parte o sección: 17ª
670 ## - FUENTE DE DATOS ENCONTRADOS
- Cita de la fuente: Work cat.: (OSt)32973: OFICINA INTERNACIONAL DEL TRABAJO. Reunión Regional Americana Santiago de Chile 2010 17ª, <Un> tiempo de oportunidades para el trabajo decente en las Américas :, 2010